| 000 | 00858nam a2200229 i 4500 | ||
|---|---|---|---|
| 001 | 15788 | ||
| 003 | ES-MaACL | ||
| 005 | 20230906151143.0 | ||
| 007 | t| | ||
| 008 | 000508s1985 sp ae |||| | spa d | ||
| 080 | _a725.11.025.4(460.285 T.) | ||
| 245 | 0 | 0 | _aRehabilitación del edificio del Nuncio en Toledo para sede de los Servicios Centrales de Consejerías de la Junta de Comunidades de Castilla-La Mancha. |
| 260 |
_a[Madrid] : _bDragados y Construcciones, _cD.L. 1985. |
||
| 300 |
_a79 p : _bil. col., plan ; _c28 cm. |
||
| 490 | 1 |
_aRehabilitación de edificios ; _v2 |
|
| 650 | 4 |
_aEdificios- _xRehabilitación. _9149677 |
|
| 651 | 4 |
_aToledo- _xEdificios, estructuras, etc. _9149676 |
|
| 710 | 2 |
_aDragados y Construcciones. _93410 |
|
| 830 | 0 |
_aRehabilitación de edificios ; _v2 _9179822 |
|
| 852 |
_aES-MaACL _jL-22908 |
||
| 999 |
_c15788 _d15788 |
||